| 000 | 00990nam a2200241 a 4500 | ||
|---|---|---|---|
| 003 | DO-SdBNP | ||
| 005 | 20220713105236.0 | ||
| 007 | ta | ||
| 008 | 211001e2016 dr a|||grc||| 000 0 spa d | ||
| 040 |
_aDO-SdBNP _bspa _cBNPHU |
||
| 082 | 4 |
_222 _bW935c |
|
| 111 |
_aExposición, Celeste Woss y Gil _d(2016: _cSanto Domingo) _ePalacio de Bellas Artes. _jGalería Nacional de Bellas Artes _980080 |
||
| 245 | 0 | 0 |
_aCeleste Woss y Gil en Bellas Artes: _benero 29 hasta abril 03, 2016 / _ctextos Marianne de Tolentino ; restaurador de bocetos Freddy Péres |
| 260 |
_aSanto Domingo : _bMinisterio de Cultura, _c2016. |
||
| 300 |
_a119 : _bil. ; _c27 cm. |
||
| 590 | _aInventariado 2021 / MF | ||
| 600 | 1 | 4 |
_aWoss y Gil, Celeste, _d1890-1985 _980081 |
| 650 | 4 |
_aPintura dominicana _xExposiciones _955174 |
|
| 650 | 4 |
_aArte dominicano _xExposiciones _954101 |
|
| 700 | 1 |
_973333 _aTolentino, Marianne de, _d1951- _etextos |
|
| 700 | 1 |
_aPéres, Freddy, _erestaurador de boceto. _980082 |
|
| 942 |
_2ddc _cLBS1 |
||
| 999 |
_c50683 _d50683 |
||